Sudcovia kapitoly 1-9

Bibliographic Details
Format: Article
Language:Slovak
ISSN:1336-0205
Subjects:

MARC

LEADER 00000nab a2200000 ar4500
001 vtls008632771
003 SK-MaSNL
005 20260303071639.0
008 060320c2005 xo mr|p|||||||000 b|slo
015 |a SNBRB2006/03 
038 |a SNKBUCL 
040 |a SNKBUCL  |b slo  |e AACR2  |c SNKBUCL 
041 0 |a slo 
044 |a xo  |c SK 
080 |a 222.31  |2 1997 
245 0 0 |a Sudcovia  |b kapitoly 1-9 
630 0 7 |a Biblia  |p Sudcovia I-IX  |2 snkbucl  |9 84662 
773 0 |t Sväté Písmo pre každého  |g Roč. V, č. 4-5 (2005), s. 4-25  |x 1336-0205 
852 |a SNK  |b KIS3GCP 
958 |a NT 
999 |c 1760921  |d 1762851